All EFL League Two Teams Ever - Statistics

General Stats
  • This quiz has been taken 2,525 times
    480 since last reset
  • The average score is 54 of 71
Answer Stats
Team % Correct
Wrexham
90%
Accrington Stanley
88%
AFC Wimbledon
87%
Chester City
86%
Luton Town
86%
Oldham Athletic
85%
Plymouth Argyle
85%
Exeter City
84%
Gillingham
84%
Yeovil Town
84%
Bristol Rovers
83%
Carlisle United
83%
Milton Keynes Dons
83%
Oxford United
83%
Bradford City
82%
Doncaster Rovers
82%
Notts County
82%
Portsmouth
82%
Walsall
82%
Chesterfield
81%
Mansfield Town
81%
Newport County
81%
Northampton Town
81%
Swindon Town
81%
Barnet
80%
Bolton Wanderers
80%
Cambridge United
80%
Crewe Alexandra
80%
Grimsby Town
80%
Tranmere Rovers
80%
Wycombe Wanderers
80%
Colchester United
79%
Peterborough United
79%
Salford City
79%
York City
79%
Blackpool
78%
Bournemouth
78%
Brentford
78%
Fleetwood Town
78%
Leyton Orient
78%
Lincoln City
78%
Crawley Town
77%
Forest Green Rovers
77%
Morecambe
77%
Stockport County
77%
Barrow
76%
Burton Albion
76%
Port Vale
76%
Rotherham United
76%
Southend United
76%
Harrogate Town
75%
Shrewsbury Town
75%
Bury
74%
Scunthorpe United
74%
Swansea City
74%
Cheltenham Town
73%
Bromley
71%
Rochdale
71%
Stevenage
71%
Dagenham & Redbridge
68%
Hartlepool United
68%
Coventry City
66%
Macclesfield Town
66%
Torquay United
66%
Sutton United
62%
Aldershot Town
57%
Hereford United
56%
Boston United
55%
Darlington
55%
Kidderminster Harriers
50%
Rushden & Diamonds
44%
No matching quizzes found
Score Distribution
Percent of People with Each Score
Percentile by Number Answered
Your Score History
You have not taken this quiz since the last reset